00491pab a2200169 454500008004000000100001700040245010000057260000900157300001400166362000800180650001800188650001900206650002200225700001900247700002100266773003400287180718b2009 xxu||||| |||| 00| 0 eng d aAdams, James aWhat moves parties? the role of public opinion and global economic conditions in Western Europe c2009 ap.611-39. aMay aGlobalization aPublic opinion aPolitical parties aStoll, Heather aHaupt, Andrea B. aComparative Political Studies